Score 0/182 Timer 17:00
3 Plays Today
oc. things % Correct
18ice hockey
89.8%
12maple syrup
89.7%
20maple leaf / maple leaf flag
89.6%
17Toronto
79.4%
8snow
77.3%
15Vancouver
73.5%
3Vancouver Island
72.7%
18Québec
71.8%
7Quebec City
71.3%
9ice
70%
17Montréal
67.5%
6French colony / France
65.6%
10cold
64.7%
15Ottawa
63.4%
18French language
62.6%
17Justin Trudeau
60.6%
6Lake Ontario
59.6%
13Ontario
58.8%
3North
58.7%
5Pierre Trudeau
56.1%
7Newfoundland and Labrador
54.7%
8moose / elk
54.3%
2moose
53.7%
10British colony / United Kingdom
52.7%
9Alberta
51.4%
12British Columbia
50.3%
11Calgary
49.3%
9Newfoundland
49%
10Prince Edward Island
48.2%
13Yukon
47.1%
5Yukon River
46.7%
11Edmonton
46.5%
12Nova Scotia
46%
9Saskatchewan
45.8%
2grizzly bear
44.3%
11Manitoba
43.6%
11Inuits
41.3%
9Winnipeg
41.2%
5lakes
41.2%
3Lake Winnipeg
41%
15United States
39.2%
11Niagara Falls
38.9%
7Alaska
37.7%
9poutine
37.6%
7forests / fir trees
37.5%
3oil
36.3%
14English language
35.8%
3friendly
35.7%
13Nunavut
35.3%
3mountains
35%
9Northwest Territories
33.8%
10Justin Bieber
33.4%
6Lake Superior
33.3%
6Royal Mounted Police
33.2%
9Arctic Ocean
33.1%
5Eh?
32.8%
5Arctic
32.8%
8New Brunswick
32.7%
6Lake Erie
32.7%
7polar bears
32.5%
6beavers
32.5%
oc. things % Correct
5Victoria
31.3%
3Vancouver Canucks
31.3%
13Hudson Bay
31.2%
3Victoria Island
31.2%
8Halifax
30.4%
6Lake Huron
30.4%
4Montreal Canadiens
30.4%
4Toronto Raptors
30.3%
4Toronto Blue Jays
30.2%
6Winter Olympics
28.6%
8Atlantic Ocean
28.6%
8Pacific Ocean
28.5%
4Edmonton Oilers
28.2%
3Toronto Maple Leafs
28.1%
9CĂ©line Dion
27.7%
4Labrador
26.6%
6Regina
26.5%
5Wayne Gretzky
25%
2longest world border
24.8%
2big country
24.8%
2Michigan
24.7%
3Tim Horton's
24.3%
3Calgary Flames
23.9%
5Saskatoon
23.7%
5Banff National Park
23.1%
9Saint Lawrence River
21.9%
3curling
21.9%
3Winnipeg Jets
21.9%
8Great Lakes
21.8%
3Ottawa Senators
21.8%
2Gulf of Saint Lawrence
21.2%
3'aboot' (pronunciation of 'about')
20.9%
6Queen Elizabeth II
20.8%
3Saint John, NB
20.7%
3igloo
20.5%
3healthcare
20.2%
11Baffin Island
19.8%
4Baffin Bay
19.7%
6CN Tower
19.6%
2Canada Goose
19%
4Drake
18.8%
8Greenland
18.7%
13North America
18.1%
2islands
17.5%
4O Canada
17.3%
7Yellowknife
16.7%
2Ryan Reynolds
16.5%
3North Pole
16.4%
2Lacrosse
16.3%
2caribou / reindeer
16%
2Hamilton
15.7%
7Rocky Mountains
15.1%
5Canadian Dollar
14.7%
5London (Ontario)
14.5%
3Jim Carrey
14.4%
2Windsor
14.2%
4whales
13.8%
4Stephen Harper
13.8%
4red and white flag
13.4%
3seals / fur seals
13.3%
9Great Slave Lake
13.3%
oc. things % Correct
5Whitehorse
13.2%
8Great Bear Lake
12.3%
5St. John's
12.3%
13Commonwealth
12%
5Bryan Adams
11.8%
2Whistler
11.8%
2Montana
11.4%
2Canadian Football League - CFL
11.3%
2glaciers
11.2%
3First Nations
11.2%
4Avril Lavigne
11.1%
7Mackenzie River
11.1%
3Alanis Morissette
10.8%
3provinces
10.6%
3National Hockey League - NHL
10.5%
4Thunder Bay
10.4%
5tundra
10.2%
2Neil Young
9.9%
3Rush
9.9%
3Mike Myers
9.9%
3lumberjacks
9.6%
2Jasper National Park
9.5%
3Anne of Green Gables
8.6%
2Bob and Doug McKenzie
8.5%
6Ellesmere Island
8.4%
2cheaper medicine
7.8%
5Arctic Circle
7.3%
2mining
7.3%
5Northwest Passage
7.2%
2wheat production
6.9%
2gold rush
6.8%
2Bay of Fundy
6.8%
4Great White North
6.4%
3Michael Buble
6.1%
3Alex Trebek
6.1%
5bilingual
6%
2William Shatner
6%
2NATO
5.9%
3wolverine
5.9%
2Steve Nash
5.7%
2constitutional monarchy
5.5%
2Moose Jaw
5.3%
2Kitchener
5.3%
3Cree people
5.3%
2NAFTA
5.3%
3Mount Logan
5.1%
2Keanu Reeves
5%
2Jean Chrétien
4.9%
3multiculturalism
4.6%
3Sault Ste. Marie
4.6%
3Medicine Hat
4.4%
2John Candy
4.1%
2Hudson Bay Company
3.9%
3Alert
3.7%
2Saint Pierre and Miquelon
3.4%
2Fort McMurray
3%
2Waterton Lakes National Park
2.6%
2Hans Island
2.4%
2Gilles Villeneuve
0%
2Robin Scherbatsky
0%
Remove Ads.
Support Sporcle.
Get the best of Sporcle when you Go Orange. This ad-free experience offers more features, more stats, and more fun while also helping to support Sporcle. Thank you for becoming a member.

You're not logged in!

Compare scores with friends on all Sporcle quizzes.
OR
Log In

Sporcle TV

Today on Sporcle TV


Watch our educational content, quiz creation guides, and fun videos on Sporcle TV.

Show Comments

Extras

Top Quizzes Today


Score Distribution

Paid Content

Your Account Isn't Verified!

In order to create a playlist on Sporcle, you need to verify the email address you used during registration. Go to your Sporcle Settings to finish the process.

Report this User

Report this user for behavior that violates our Community Guidelines.

Details: